[Event "Regionalliga NW 9596"]
[Site "Bayern"]
[Date "1996.??.??"]
[Round "?"]
[White "Purrucker, Hermann"]
[Black "Buechs, Martin"]
[Result "1-0"]
[WhiteElo "2000"]
[BlackElo "1825"]
[PlyCount "55"]
[EventDate "1995.10.??"]
[EventType "team-tourn"]
[EventRounds "9"]
[EventCountry "GER"]
[SourceTitle "EXT 1999"]
[Source "ChessBase"]
[SourceDate "1998.11.16"]
[SourceVersion "1"]
[SourceVersionDate "1998.11.16"]
[SourceQuality "1"]
[WhiteTeam "GrBayr"]
[BlackTeam "Bad Neustadt"]
[WhiteTeamCountry "GER"]
[BlackTeamCountry "GER"]

1. d4 Nf6 2. Nf3 g6 3. c3 Bg7 4. g3 0-0 5. Bg2 d5 6. 0-0 Nbd7 7. Nbd2 Re8 8. e4 dxe4 9. Ng5 e5 10. Qb3 Qe7 11. dxe5 Nxe5 12. Ndxe4 c6 13. Bf4 Nxe4 14. Nxe4 Be6 15. Qa4 Bd5 16. Rad1 Nc4 17. Nd6 b5 18. Bxd5 bxa4 19. Bxc4 g5 20. Be3 Red8 21. Nxf7 Rxd1 22. Rxd1 Rf8 23. Nxg5+ Kh8 24. Ne6 Bf6 25. Bc5 Qxc5 26. Nxc5 a6 27. b3 Bxc3 28. Ne6 1-0

[Event "Regionalliga NW 9495"]
[Site "Bayern"]
[Date "1995.??.??"]
[Round "?.5"]
[White "Purrucker, Hermann"]
[Black "Ledfuss, Guntram"]
[Result "1/2-1/2"]
[WhiteElo "2000"]
[BlackElo "1905"]
[PlyCount "30"]
[EventDate "1994.10.??"]
[EventType "team-tourn"]
[EventRounds "9"]
[EventCountry "GER"]
[SourceTitle "EXT 1999"]
[Source "ChessBase"]
[SourceDate "1998.11.16"]
[SourceVersion "1"]
[SourceVersionDate "1998.11.16"]
[SourceQuality "1"]
[WhiteTeam "GrBayr"]
[BlackTeam "Sand"]
[WhiteTeamCountry "GER"]
[BlackTeamCountry "GER"]

1. d4 Nf6 2. Nf3 g6 3. c3 Bg7 4. g3 0-0 5. Bg2 d6 6. 0-0 Nbd7 7. Qc2 e5 8. dxe5 dxe5 9. e4 Qe7 10. Bg5 a5 11. Nbd2 h6 12. Bxf6 Bxf6 13. Nc4 Nc5 14. Ne3 c6 15. Rad1 Be6 1/2-1/2

[Event "Regionalliga NW 9596"]
[Site "Bayern"]
[Date "1995.??.??"]
[Round "?"]
[White "Purrucker, Hermann"]
[Black "Ros, Peter"]
[Result "1-0"]
[WhiteElo "2000"]
[BlackElo "1835"]
[PlyCount "45"]
[EventDate "1995.10.??"]
[EventType "team-tourn"]
[EventRounds "9"]
[EventCountry "GER"]
[SourceTitle "EXT 1999"]
[Source "ChessBase"]
[SourceDate "1998.11.16"]
[SourceVersion "1"]
[SourceVersionDate "1998.11.16"]
[SourceQuality "1"]
[WhiteTeam "GrBayr"]
[BlackTeam "Coburg"]
[WhiteTeamCountry "GER"]
[BlackTeamCountry "GER"]

1. d4 Nf6 2. Nf3 d5 3. c3 e6 4. Bg5 Be7 5. Bxf6 Bxf6 6. Nbd2 Nd7 7. e4 dxe4 8. Nxe4 0-0 9. Bd3 b6 10. Qe2 Bb7 11. 0-0-0 h6 12. h4 Be7 13. g4 Bxe4 14. Bxe4 Rc8 15. g5 hxg5 16. hxg5 Bxg5+ 17. Nxg5 Qxg5+ 18. Kb1 f5 19. Bc6 Qe7 20. d5 e5 21. d6 cxd6 22. Bd5+ Rf7 23. Qh5 1-0

[Event "Regionalliga NW 9495"]
[Site "Bayern"]
[Date "1994.??.??"]
[Round "?.7"]
[White "Purrucker, Hermann"]
[Black "Elzinger, Wilfried"]
[Result "0-1"]
[WhiteElo "2000"]
[BlackElo "1980"]
[PlyCount "72"]
[EventDate "1994.10.??"]
[EventType "team-tourn"]
[EventRounds "9"]
[EventCountry "GER"]
[SourceTitle "EXT 1999"]
[Source "ChessBase"]
[SourceDate "1998.11.16"]
[SourceVersion "1"]
[SourceVersionDate "1998.11.16"]
[SourceQuality "1"]
[WhiteTeam "GrBayr"]
[BlackTeam "Coburg"]
[WhiteTeamCountry "GER"]
[BlackTeamCountry "GER"]

1. d4 d5 2. Nf3 c6 3. Nc3 Bf5 4. e3 e6 5. Bd3 Bxd3 6. Qxd3 f5 7. Bd2 Nd7 8. Ne5 Ngf6 9. Nxd7 Nxd7 10. 0-0-0 Nb6 11. Kb1 Nc4 12. Bc1 Bb4 13. Ne2 Qb6 14. Nf4 Kd7 15. g4 g6 16. h4 fxg4 17. Rhg1 a5 18. e4 Bd6 19. e5 Be7 20. Rxg4 a4 21. Ka1 a3 22. b3 Nb2 23. Qe2 Nxd1 24. Qxd1 c5 25. dxc5 Bxc5 26. c4 Bxf2 27. Nxd5 exd5 28. Qxd5+ Ke8 29. Rf4 Rf8 30. Rxf8+ Kxf8 31. Bh6+ Ke8 32. Qg8+ Kd7 33. Qf7+ Kc8 34. Kb1 Qd4 35. Qf8+ Kc7 36. Qe7+ Qd7 0-1

[Event "Regionalliga NW 9495"]
[Site "Bayern"]
[Date "1994.??.??"]
[Round "?.7"]
[White "Purrucker, Hermann"]
[Black "Zschunke, Werner"]
[Result "1-0"]
[WhiteElo "2000"]
[BlackElo "2045"]
[PlyCount "65"]
[EventDate "1994.10.??"]
[EventType "team-tourn"]
[EventRounds "9"]
[EventCountry "GER"]
[SourceTitle "EXT 1999"]
[Source "ChessBase"]
[SourceDate "1998.11.16"]
[SourceVersion "1"]
[SourceVersionDate "1998.11.16"]
[SourceQuality "1"]
[WhiteTeam "GrBayr"]
[BlackTeam "Schweinfurt Fr"]
[WhiteTeamCountry "GER"]
[BlackTeamCountry "GER"]

1. d4 g6 2. Nf3 Bg7 3. c3 d5 4. g3 Nd7 5. Bg2 c6 6. 0-0 e5 7. e4 dxe4 8. Ng5 exd4 9. Nxe4 Nf8 10. Bg5 f6 11. Bf4 Ne6 12. Re1 Kf8 13. Bd6+ Kf7 14. Ba3 Bf8 15. Qb3 Bxa3 16. Nxa3 Kg7 17. cxd4 Ne7 18. Rad1 Nd5 19. Nc3 Nec7 20. Nxd5 Nxd5 21. Bxd5 cxd5 22. Re3 b6 23. Rde1 Rf8 24. Nb5 Rf7 25. Qb4 a5 26. Qa3 Kh6 27. Re8 Qd7 28. Nd6 Rg7 29. h4 Bb7 30. Qe3+ g5 31. Re6 Kg6 32. hxg5 Rf8 33. Qe5 1-0